| 000 | 00877cam a2200277 4500 | ||
|---|---|---|---|
| 001 | 27579 | ||
| 003 | BD-RjUL | ||
| 005 | 20211209051155.0 | ||
| 008 | 140325r19731971nyu b 001 0 eng d | ||
| 020 | _a0151061106 | ||
| 035 | _a(BD-RjUL) 27653 | ||
| 040 |
_aDLC _cDLC _dDLC _dBD-RjUL _beng |
||
| 041 | _aeng | ||
| 082 | 0 | 0 |
_a973.4 _bROA 1973 |
| 100 | 1 |
_aRossiter, Clinton, _d1917-1970. _96248 |
|
| 245 | 1 | 4 |
_aThe American quest, 1790-1860 : _ban emerging nation in search of identity, unity, and modernity / |
| 250 | _a1st ed. | ||
| 260 |
_aNew York : _bHarcourt Brace Jovanovich, _c1971 [reprinted ed. 1973]. |
||
| 300 |
_axvi, 396 p. ; _c22 cm. |
||
| 490 | 0 | _aThe Founding of the American Republic | |
| 504 | _aincludes Bibliography | ||
| 651 | 0 |
_aUnited States _xHistory _y1783-1865. _984708 |
|
| 942 |
_2ddc _cBK |
||
| 999 |
_c27579 _d27579 |
||